000 00308nam a22001337a 4500
020 _a9788170263816
082 _a297.09 RAM
100 _aRamkumar, Natrajan
245 _aSpread of Islam in India
260 _aNew Delhi
_bHeritage Publishers
_c2017
300 _a333
650 _aIslam-India
942 _cBK
999 _c23143
_d23143